000
00287nam a2200121Ia 4500
008
190802s9999 xx 000 0 und d
020
_a
978-0-375-42745-0
100
_a
Rob Franck
245
0
_a
C racking the GMAT
260
_a
New York
_b
Pearson
_c
2018
300
_a
549:P
942
_c
BK
999
_c
2152
_d
2152